000 00684nam a2200289Ia 4500
005 20260324150320.0
008 008 260324s9999 xx 000 0 eng d
020 _a9781315031811
037 _aEBOOK
040 _aCRL
040 _beng
040 _cCRL
041 _2eng
041 _aeng
084 _qCRL
100 _aFrank Peel; E. P. Thompson
_91226000
245 4 _aThe Rising of the Luddites
245 0 _bChartists and Plug-Drawers
260 _bTaylor and Francis
260 _c1969
365 _a
365 _b300
856 _uhttp://www.taylorfrancis.com/books/9781315031811
942 _cEBOOK
999 _c1835239
_d1835239